000
00309nam a2200121Ia 4500
008
220216s9999 xx 000 0 und d
100
_a
George C M
245
0
_a
Minimum price notification: Its too little, too late|
260
_b
Rubber Asia
_c
2001
300
_a
29-31
650
_a
Rubber price
942
_c
JS
999
_c
62983
_d
62983